世界遺産百舌鳥・古市古墳群の構成遺産 - Statistics

General Stats
  • This quiz has been taken 15 times
  • The average score is 8 of 49
Answer Stats
古墳群 市町村 回答 % Correct
百舌鳥古墳群 堺市堺区 仁徳天皇陵古墳
93%
百舌鳥古墳群 堺市堺区 反正天皇陵古墳
53%
百舌鳥古墳群 堺市北区 ニサンザイ古墳
53%
百舌鳥古墳群 堺市堺区 永山古墳
40%
百舌鳥古墳群 堺市北区 いたすけ古墳
40%
百舌鳥古墳群 堺市堺区 茶山古墳
33%
百舌鳥古墳群 堺市堺区 収塚古墳
33%
百舌鳥古墳群 堺市堺区 銅亀山古墳
33%
百舌鳥古墳群 堺市堺区 丸保山古墳
33%
百舌鳥古墳群 堺市西区 履中天皇陵古墳
33%
古市古墳群 藤井寺市 允恭天皇陵古墳
33%
百舌鳥古墳群 堺市堺区 孫太夫山古墳
27%
百舌鳥古墳群 堺市堺区 七観音古墳
27%
古市古墳群 藤井寺市 仲哀天皇陵古墳
27%
百舌鳥古墳群 堺市堺区 大安寺山古墳
20%
百舌鳥古墳群 堺市北区 旗塚古墳
20%
百舌鳥古墳群 堺市西区 寺山南山古墳
20%
古市古墳群 羽曳野市 応神天皇陵古墳
20%
百舌鳥古墳群 堺市堺区 竜佐山古墳
13%
古市古墳群 藤井寺市 津堂城山古墳
13%
古市古墳群 藤井寺市 仲姫命陵古墳
13%
古市古墳群 藤井寺市 古室山古墳
13%
古市古墳群 羽曳野市 白鳥陵古墳
13%
百舌鳥古墳群 堺市堺区 源右衛門山古墳
7%
百舌鳥古墳群 堺市堺区 長塚古墳
7%
百舌鳥古墳群 堺市堺区 銭塚古墳
7%
百舌鳥古墳群 堺市北区 御廟山古墳
7%
古市古墳群 藤井寺市 鉢塚古墳
7%
古市古墳群 藤井寺市 鍋塚古墳
7%
古市古墳群 藤井寺市 助太山古墳
7%
古市古墳群 藤井寺市 八島塚古墳
7%
古市古墳群 藤井寺市 大鳥塚古墳
7%
古市古墳群 藤井寺市 東山古墳
7%
古市古墳群 藤井寺市 はざみ山古墳
7%
古市古墳群 羽曳野市 墓山古墳
7%
古市古墳群 藤井寺市 青山古墳
7%
百舌鳥古墳群 堺市堺区 塚廻古墳
0%
百舌鳥古墳群 堺市堺区 菰山塚古墳
0%
百舌鳥古墳群 堺市北区 善右ヱ門山古墳
0%
古市古墳群 藤井寺市 中山塚古墳
0%
古市古墳群 羽曳野市 誉田丸山古墳
0%
古市古墳群 羽曳野市 二ツ塚古墳
0%
古市古墳群 羽曳野市 東馬塚古墳
0%
古市古墳群 羽曳野市 栗塚古墳
0%
古市古墳群 藤井寺市 野中古墳
0%
古市古墳群 羽曳野市 向墓山古墳
0%
古市古墳群 羽曳野市 西馬塚古墳
0%
古市古墳群 藤井寺市 浄元寺山古墳
0%
古市古墳群 羽曳野市 峯ヶ塚古墳
0%
No matching quizzes found
Score Distribution
Percent of People with Each Score
Percentile by Number Answered
Your Score History
You have not taken this quiz